Obálka Náhled e-knihy:
PDF
Pro půjčování e-knih musíte být přihlášeni.
Jak si půjčit online?

V akci Interbrig III. /

Děj knihy V akci Interbrig III. posunuje čtenáře do časově poněkud vzdálenějšího období po „Sametové revoluci“. Je již téměř završena nemravná kumulace kapitálu poměrně malou skupinou vyvolených a ruku v ruce s tímhle transferem majetku jsou ve společnosti pokrucovány a pošlapávány morální hodnoty....

Celý popis

Uloženo v:
Hlavní autor: Kocian, Jiljí (Autor)
Médium: E-kniha
Jazyk:Czech
Vydáno: Praha : Jiljí Kocian, 2017
Tagy:
Žádné tagy
LEADER 01226nam a22002297i 4500
001 310836
007 ta
008 260601s2017 xr ||||| |||| 00| 0 cze d
020 |a 9990001761271 
044 |a xr 
100 1 |a  Kocian, Jiljí  |4 aut 
245 1 0 |a V akci Interbrig III. /  |c  Kocian, Jiljí 
264 1 |a Praha :  |b Jiljí Kocian,  |c 2017 
300 |a 1 online zdroj (150 stran) 
336 |a text  |b txt  |2 rdacontent 
337 |a bez média  |b n  |2 rdamedia 
338 |a online zdroj  |b cr  |2 rdacarrier 
520 2 |a Děj knihy V akci Interbrig III. posunuje čtenáře do časově poněkud vzdálenějšího období po „Sametové revoluci“. Je již téměř završena nemravná kumulace kapitálu poměrně malou skupinou vyvolených a ruku v ruce s tímhle transferem majetku jsou ve společnosti pokrucovány a pošlapávány morální hodnoty. 
910 |a RBIT002 
998 |d 176127  |a https://core.palmknihy.cz/api/books/176127/cover?6yhy6b  |b https://core.palmknihy.cz/api/books/176127/cover/400?vumw9h  |c https://core.palmknihy.cz/api/books/176127/cover/50?l3hbbb  |e   |g 150  |i 9990001761271  |k https://core.palmknihy.cz/api/books/176127/preview.pdf  |l   |q 49  |r 1  |s https://www.palmknihy.cz/kniha/176127  |t ebook  |y 2017  |z 1 
999 |d 310834